Estudio de prefactibilidad para la creación de un centro de acopio y exportación de café arábiga en la costa Caribe Nicaragua, en la comunidad de Wapi

Presenta el estudio de prefactibilidad para la creación de un centro de acopio y exportación de café arábiga en la costa Caribe Nicaragua, en la comunidad e Wapi, se desarrolló un estudio de mercado con el objetivo de obtener la demanda y oferta que optimice la exportación a New York, se elabo...

Full description

Bibliographic Details
Main Authors: Reyes Urbina, Meylin Alicia, Cortez Dávila, Norlan Jeffry, Aguirre Pérez, Yannia Marina
Other Authors: Tutor: Torrez Mercado, Ronald
Format: Tesis Section = Libro
Language:Undetermined
Spanish
Published: Managua UNI 2015
Subjects:
LEADER 01561nam a2200289Ia 4500
008 240830s9999 xx 000 0 und d
040 |a BIBLIOTECA-RUPAP Mon 658.404 R457 
041 |a spa 
082 |a Mon 658.404 R457 
100 1 |a Reyes Urbina, Meylin Alicia 
100 1 |b  Cortez Dávila, Norlan Jeffry 
100 1 |c  Aguirre Pérez, Yannia Marina 
245 1 0 |a Estudio de prefactibilidad para la creación de un centro de acopio y exportación de café arábiga en la costa Caribe Nicaragua, en la comunidad de Wapi 
260 |a Managua  |b UNI  |c 2015 
300 |a 150 p. :il. 
500 |a Contiene: anexos e Incluye: CD. 
502 |a Tesis (Ingeniero de Sistemas)- UNI, 2015. 
520 3 |a Presenta el estudio de prefactibilidad para la creación de un centro de acopio y exportación de café arábiga en la costa Caribe Nicaragua, en la comunidad e Wapi, se desarrolló un estudio de mercado con el objetivo de obtener la demanda y oferta que optimice la exportación a New York, se elaboró un estudio técnico para determinar la viabilidad técnica del centro de acopio así como la rentabilidad del proyecto y la valoración económica de los indicadores de la evaluación financiera. 
650 7 |a NUEVAS EMPRESAS DE NEGOCIOS 
650 7 |b CENTRO DE ACOPIO – CAFÉ – PROYECTOS 
650 7 |c CAFÉ – MERCADEO 
650 7 |d MERCADEO DE PRODUCTOS AGRICOLAS – CAFÉ EXPORTACION 
650 7 |e ANALISIS ESTRATEGICO FODA 
700 1 |a Tutor:  |b Torrez Mercado, Ronald 
942 |c BK  |2 ddc 
991 |a TESIS 
999 |c 17394